Jonathan's General Knowledge #6 - Statistics

General Stats
  • This quiz has been taken 848 times
  • The average score is 7 of 20
Answer Stats
# Hint Answer % Correct
3 The Hoover Dam lies on which river? Colorado
65%
1 Which weapons are known as 'poor man's grenades'? Molotov cocktails
64%
20 Who was Adolf Hitler's wife for less than 40 hours? Eva Braun
60%
14 In which Australian soap did Kylie Minogue first achieve recognition? Neighbours
57%
6 Who purveyed the famous phrase, 'I think, therefore I am'? René Descartes
51%
7 In the Bible, who spent a night in a den of lions? Daniel
47%
9 Hobart, Launceston and Devonport are cities on which island? Tasmania
47%
2 In what year was a Concorde plane first flown? 1969
43%
17 The nation of Brunei lies on which island? Borneo
33%
10 Since 2011, who are the sole tyre supplier of Formula One cars? Pirelli
28%
13 Dick Clark hosted which music-performance show from 1956 until 1989? American Bandstand
24%
11 What is the real surname of the singer Madonna? Ciccone
24%
15 Who played the role of Mrs Robinson in The Graduate? Anne Bancroft
23%
4 In SpongeBob SquarePants, who is the partner of Mermaid Man? Barnacle Boy
23%
18 What is the German translation of the English number twelve? Zwölf
23%
19 In mathematics, what is the name for a regular twelve-sided polygon? Dodecagon
21%
16 Bourbon and fresh mint are the usual basic ingredients of which cocktail? Mint julep
21%
8 Bottle Rocket was the debut film of which movie director? Wes Anderson
10%
5 Who wrote the novel Lost Horizon in 1933? James Hilton
5%
12 Who was the last emperor of the Holy Roman Empire? Francis II
1%
No matching quizzes found
Score Distribution
Percent of People with Each Score
Percentile by Number Answered
Your Score History
You have not taken this quiz